1140 1417 1616 1301 1503 1148 1181 1098 1577 1014 1279 1346 1727 1625 1777 1652 1811 1945 1873 1340 1672 1697 1447 1998 1948 1314 1568 1301 1941 1444 1361 1634 1165 1599 1824 1413 1428 1349 1905 1900 1358 1079 1875 1221 1306 1533 1761 1840 1746 1964 1378 1065 1486 1682 1761 1243 1796 1045 1702 1485 1931 1677 1184 1618 1956 1500 1959 1140 1981 1835 1403 1861 1400 1868 1172 1111 1370 1795 1305 1485 1994 1594 1551 1396 1556 1273 1309 1156 1039 1813 1376 1314 1712 1300 1520 1277 1770 1466 1606 BCNSPRNW ULIB Ver.6.0+V

เปลี่ยนเป็นภาษาไทย

Change to English
 แสดงรายละเอียดบรรณานุกรม
  กลับหน้าหลัก

Brief Record : Get Marc (ISO 2709) : E-mail record : QR code < ปิดหน้าต่าง
LEADER : 00000nam 2200000uu 4500
001    13399113557
003     ULIB
008    111128s2550||||th 000 0 tha d
020    ^a9789747503364
090    ^aนว.^bม979ภ 2550
100 0  ^aMimoza
245 00 ^aภารกิจรักพิทักษ์หัวใจนายยอมบู๊
250    ^aพิมพ์ครั้งที่ 1
260    ^aกรุงเทพฯ :^bแจ่มใส,^c2550
300    ^a262 หน้า
710 1  ^aแจ่มใส
945    ^p189^l0^i14453
995    ^aกัณชพร
999    ^aใช้งานได้ทุกระบบ
รายการนี้ยังไม่มีแท็ก
คุณยังไม่ได้ล็อกอิน คุณสามารถมีกิจกรรมร่วมกับเว็บไซต์ได้ แต่ต้องล็อกอินก่อน ::
  ล็อกอิน

รายการสื่อสารสนเทศ

ลำดับที่ ประเภท เลขเรียก/บาร์โค้ด สถานที่ สถานะ
1. นวนิยาย
นวนิยาย
นว. ม979ภ 2550  
  Barcode: 14453
ห้องสมุดวิทยาเขตสวรรค์ประชารักษ์
►นวนิยาย
บนชั้น
  ขอยืม

BibComment


ยังไม่เคยถูกคอมเมนท์

คอมเมนท์ทรัพยากรรายการนี้
  คอมเมนท์: ภารกิจรักพิทักษ์..


 Copyright 2026. Bcnsprnw @Library